| 000 | 00962cam a2200253 a 4500 | ||
|---|---|---|---|
| 001 | 000000889 | ||
| 003 | DO-SdBNP | ||
| 005 | 20211112134930.0 | ||
| 008 | 030922s2004 nbub 000 0 eng | ||
| 020 | _a0803233493 | ||
| 040 |
_aDO-SdBNP _cDLC _dDLC |
||
| 082 |
_a972.42 _bN541r |
||
| 100 | 1 |
_aNewcomer, Daniel, _d1971- _93156 |
|
| 245 | 1 | 0 |
_aReconciling modernity : _burban state formation in 1940s León, México / _cDaniel Newcomer. |
| 260 |
_aNebraska : _bUniversity of Nebraska Press, _c2004. |
||
| 300 |
_ax, 288 p. : _bmapas ; _c24 cm. |
||
| 650 | 4 |
_aClases sociales _zMéxico _zLeón (Guanajuato) _xHistoria _ySiglo XX _93158 |
|
| 650 | 4 |
_aFascismo _zMéxico _zLeón (Guanajuato) _xHistoria _93159 |
|
| 650 | 4 |
_aIglesia y estado _zMéxico _zLeón (Guanajuato{Rpara} _xHistoria _ySIGLO XX _93160 |
|
| 651 | 4 |
_aLeón (Guanajuato, México{Rpara} _xPolítica Y Gobierno _ySIGLO XX _93157 |
|
| 651 | 4 |
_aMéxico _xPostmodernismo _93161 |
|
| 910 | _aWM | ||
| 942 |
_2ddc _cLBS1 |
||
| 999 |
_c883 _d883 |
||